000 00517nam a2200181Ia 4500
008 240925s9999 xx 000 0 und d
020 _a8129703173
082 _a519.20246213 GAR
100 _aGarcia ,Alberto Leon
245 0 _aProbability and Random Processes for Electrical Engineering
250 _a2nd
260 _aSingapore:
_bPearson education
_c,1994.
300 _axix,924p.
_bNA
_fOriginal
500 _aIncludes Index
600 _aHumanities & Natural Science
650 _aMathematics
942 _cBK
999 _c8613
_d8613